[Event "Athens Georgiou op 1st"]
[Site "Athens"]
[Date "2017.09.04"]
[Round "1"]
[White "Diamantopoulos, Leonidas Nik"]
[Black "Ivanov, Mikhail M"]
[Result "0-1"]
[WhiteElo "1654"]
[BlackElo "2389"]
[PlyCount "54"]
[EventDate "2017.09.04"]
[EventType "swiss"]
[EventRounds "9"]
[EventCountry "GRE"]
[SourceTitle "CBM 180 Extra"]
[Source "ChessBase"]
[SourceDate "2017.10.06"]
[SourceVersion "1"]
[SourceVersionDate "2017.10.06"]
[SourceQuality "1"]

1. e4 c6 2. d4 d5 3. exd5 cxd5 4. Bd3 Nc6 5. c3 Qc7 6. Ne2 Bg4 7. f3 Bd7 8. Bf4 e5 9. dxe5 Nxe5 10. Bc2 Bd6 11. Bxe5 Bxe5 12. Ba4 Bc6 13. Na3 Ne7 14. g3 0-0 15. Bxc6 bxc6 16. f4 Bf6 17. Qd2 Nf5 18. 0-0 Qb6+ 19. Kh1 Rfe8 20. Nc2 Nd6 21. Ned4 Nc4 22. Qf2 Qxb2 23. Nxc6 Qxc3 24. Nxa7 Nd2 25. Rfc1 Qf3+ 26. Qxf3 Nxf3 27. Nb5 Re2 0-1